2022 FIFA World Cup Starters - Statistics

General Stats
  • This quiz has been taken 19 times
  • The average score is 145 of 352
Answer Stats
Team Position Player % Correct
Costa Rica DF Carlos Martinez
93%
Argentina GK Emiliano Martinez
93%
Mexico FW Henry Martin
93%
Argentina FW Lautaro Martinez
93%
Argentina MF Lionel Messi
93%
Qatar FW Almoez Ali
87%
Senegal FW Boulaye Dia
87%
England MF Bukayo Saka
87%
United States FW Christian Pulisic
87%
Ecuador DF Felix Torres
87%
Spain FW Ferran Torres
87%
Wales FW Gareth Bale
87%
England FW Harry Kane
87%
England DF Harry Maguire
87%
England GK Jordan Pickford
87%
Morocco DF Achraf Hakimi
80%
Canada MF Alphonso Davies
80%
Argentina MF Angel di Maria
80%
Germany DF Antonio Rudiger
80%
Wales DF Ben Davies
80%
Portugal FW Cristiano Ronaldo
80%
England MF Declan Rice
80%
Ecuador FW Enner Valencia
80%
Netherlands MF Frenzied de Jong
80%
Spain MF Gavi
80%
France GK Hugo Lloris
80%
England DF John Stones
80%
England MF Jude Bellingham
80%
Senegal DF Kalidou Koulibaly
80%
France FW Kylian Mbappe
80%
Croatia MF Luka Modric
80%
England DF Luke Shaw
80%
Germany GK Manuel Neuer
80%
England MF Mason Mount
80%
United States GK Matt Turner
80%
Germany DF Niklas Sule
80%
France FW Olivier Giroud
80%
Spain MF Pedri
80%
Poland FW Robert Lewandowski
80%
South Korea FW Sang-Ho Na
80%
Netherlands DF Virgil van Dijk
80%
Brazil GK Alisson
73%
Portugal MF Bernardo Silva
73%
Portugal FW Bruno Fernandes
73%
Denmark MF Christian Eriksen
73%
Netherlands MF Cody Gakpo
73%
Senegal GK Edouard Mendy
73%
South Korea FW Heung-Min Son
73%
Spain DF Jordi Alba
73%
Denmark GK Kasper Schmeichel
73%
Belgium FW Kevin De Bruyne
73%
England DF Kieran Trippier
73%
France DF Lucas Hernandez
73%
Uruguay FW Luis Suarez
73%
Netherlands DF Matthijs de Ligt
73%
Senegal MF Nampalys Mendy
73%
Brazil MF Neymar
73%
France FW Ousmane Dembele
73%
Poland FW Piotr Zielinski
73%
England MF Raheem Sterling
73%
Brazil FW Richarlison
73%
Spain DF Rodri
73%
Germany MF Serge Gnabry
73%
Spain MF Sergio Busquets
73%
Brazil DF Thiago Silva
73%
Belgium GK Thibaut Courtois
73%
Germany MF Thomas Muller
73%
United States FW Timothy Weah
73%
Spain GK Unai Simon
73%
United States MF Weston McKennie
73%
Denmark DF Andreas Christensen
67%
France MF Aurelien Tchouameni
67%
France DF Benjamin Pavard
67%
Brazil MF Casemiro
67%
Argentina DF Cristian Romero
67%
Spain FW Dani Olmo
67%
Mexico GK Guillermo Ochoa
67%
Croatia FW Ivan Perisic
67%
Germany MF Jamal Musiala
67%
South Korea DF Jin-Su Kim
67%
Canada FW Jonathan David
67%
Germany FW Kai Havertz
67%
Costa Rica GK Keylor Navas
67%
Brazil MF Lucas Paqueta
67%
Iran FW Mehdi Taremi
67%
South Korea DF Min-Jae Kim
67%
South Korea DF Moon-Hwan Kim
67%
Argentina DF Nicolas Otamendi
67%
Denmark MF Rasmus Kristensen
67%
Argentina MF Rodrigo de Paul
67%
South Korea GK Seung-Gyu Kim
67%
South Korea DF Young-Gwon Kim
67%
France MF Adrien Rabiot
60%
Serbia FW Alexandar Mitrovic
60%
Brazil DF Alex Sandro
60%
France MF Antoine Griezmann
60%
Spain DF Aymeric Laporte
60%
Wales FW Daniel James
60%
Uruguay FW Darwin Nunez
60%
Germany DF David Raum
60%
France DF Dayot Upamecano
60%
Netherlands DF Denzel Dumfries
60%
Belgium MF Eden Hazard
60%
Uruguay MF Federico Valverde
60%
France DF Ibrahima Konate
60%
Portugal FW Joao Felix
60%
Germany MF Joshua Kimmich
60%
Poland DF Kamil Glik
60%
Spain FW Marco Asensio
60%
Croatia MF Mateo Kovacic
60%
Portugal DF Ruben Dias
60%
Serbia FW Sergej Milinkovic-Savic
60%
Serbia GK Vanja Milinkovic-Savic
60%
Brazil FW Vinicius Junior
60%
Poland GK Wojciech Szczesny
60%
Switzerland FW Xherdan Shaqiri
60%
Switzerland GK Yann Sommer
60%
Wales MF Aaron Ramsey
53%
Spain DF Cesar Azpilicueta
53%
Netherlands DF Daley Blind
53%
Serbia FW Dusan Tadic
53%
Switzerland MF Granit Xhaka
53%
Poland MF Grzegorz Krychowiak
53%
Senegal MF Idrissa Gueye
53%
Germany MF Ilkay Gundogan
53%
Belgium DF Jan Vertonghen
53%
Argentina MF Leandro Paredes
53%
Croatia MF Marcelo Brozovic
53%
Brazil DF Marquinhos
53%
Argentina DF Nahuel Molina
53%
Netherlands DF Nathan Ake
53%
Argentina DF Nicolas Tagliafico
53%
Serbia DF Nikola Milenkovic
53%
Brazil FW Raphinha
53%
United States DF Sergino Dest
53%
Denmark DF Simon Kjaer
53%
Netherlands MF Steven Berghuis
53%
Qatar FW Akram Afif
47%
Netherlands GK Andries Noppert
47%
Switzerland FW Breel Embolo
47%
Japan MF Daichi Kamada
47%
Brazil DF Danilo
47%
Portugal GK Diogo Costa
47%
Croatia GK Dominik Livakovic
47%
Cameroon FW Eric Maxim Choupo-Moting
47%
Ecuador MF Gonzalo Plata
47%
Morocco FW Hakim Ziyech
47%
Mexico FW Hirving Lozano
47%
Portugal DF Joao Cancelo
47%
Uruguay DF Jose Gimenez
47%
Croatia DF Josko Gvardiol
47%
Japan MF Junya Ito
47%
Denmark FW Kasper Dolberg
47%
Ecuador MF Moises Caicedo
47%
Ecuador DF Piero Hincapie
47%
Uruguay MF Rodrigo Bentancur
47%
Morocco MF Sofyan Amrabat
47%
United States MF Tyler Adams
47%
United States DF Walker Zimmerman
47%
Wales GK Wayne Hennessey
47%
Belgium MF Yannick Carrasco
47%
Argentina MF Alejandro Gomez
40%
Croatia FW Andrej Kramaric
40%
United States DF Antonee Robinson
40%
Uruguay DF Diego Godin
40%
Mexico MF Edson Alvarez
40%
Wales FW Harry Wilson
40%
Denmark MF Joakim Maehle
40%
Costa Rica FW Joel Campbell
40%
Wales DF Joe Rodon
40%
Mexico DF Jorge Sanchez
40%
Australia GK Mathew Ryan
40%
Poland DF Matty Cash
40%
Denmark MF Pierre-Emile Hojbjerg
40%
Portugal DF Raphael Guerreiro
40%
Switzerland DF Ricardo Rodriguez
40%
Morocco FW Sofiane Boufal
40%
Netherlands FW Steven Bergwijn
40%
Canada FW Tajon Buchanan
40%
Japan MF Takefusa Kubo
40%
Belgium DF Toby Alderweireld
40%
Netherlands FW Vincent Janssen
40%
United States MF Yunus Musah
40%
Mexico FW Alexis Vega
33%
Canada MF Atiba Hutchinson
33%
Belgium MF Axel Witsel
33%
Morocco GK Bono
33%
Croatia DF Borna Sosa
33%
Senegal MF Cheikhou Kouyate
33%
Wales MF Connor Roberts
33%
Japan FW Daizen Maeda
33%
Portugal DF Danilo Pereira
33%
Croatia DF Dejan Lovren
33%
Wales MF Ethan Ampadu
33%
Mexico MF Hector Herrera
33%
Mexico DF Hector Moreno
33%
Ghana FW Inaki Williams
33%
Senegal FW Ismaila Sarr
33%
Ecuador MF Jhegson Mendez
33%
United States FW Joshua Sargent
33%
Belgium DF Leander Dendoncker
33%
Uruguay DF Mathias Olivera
33%
Uruguay MF Matias Vecino
33%
Ecuador FW Michael Estrada
33%
Wales MF Neco Williams
33%
Morocco DF Noussair Mazraoui
33%
Ecuador DF Pervis Estupinan
33%
Denmark MF Thomas Delaney
33%
Belgium MF Timothy Castagne
33%
United States DF Tim Ream
33%
Belgium MF Youri Tielemans
33%
Senegal DF Youssouf Sabaly
33%
Japan DF Yuto Nagatomo
33%
Senegal DF Abdou Diallo
27%
Denmark FW Andreas Skov Olsen
27%
Ghana FW Andre Ayew
27%
Ecuador DF Angelo Preciado
27%
Poland DF Bartosz Bereszynski
27%
Mexico DF Cesar Montes
27%
Australia FW Craig Goodwin
27%
Uruguay FW Facundo Pellistri
27%
Ecuador GK Hernan Galindez
27%
Mexico DF Jesus Gallardo
27%
Cameroon FW Karl Toko Ekambi
27%
Switzerland DF Manuel Akanji
27%
Uruguay DF Martin Caceres
27%
Australia FW Mathew Leckie
27%
Belgium FW Michy Batshuayi
27%
Ghana MF Mohammed Kudus
27%
Poland DF Nicola Zalewski
27%
Switzerland MF Remo Freuler
27%
Morocco DF Romain Saiss
27%
Ecuador MF Romario Ibarra
27%
Portugal MF Ruben Neves
27%
Saudi Arabia MF Salem Al Dawsari
27%
Serbia MF Sasa Lukic
27%
Uruguay GK Sergio Rochet
27%
Australia MF Aaron Mooy
20%
Qatar DF Abdelkarim Hassan
20%
Iran GK Alireza Beiranvand
20%
Cameroon GK Andre Onana
20%
Cameroon MF Andre Zambo Anguissa
20%
Costa Rica MF Celso Borges
20%
Wales DF Chris Mepham
20%
Australia MF Jackson Irvine
20%
South Korea MF Jae-Sung Lee
20%
Denmark DF Joachim Andersen
20%
Croatia DF Josip Juranovic
20%
Canada DF Kamal Miller
20%
Mexico MF Luis Chavez
20%
Japan DF Maya Yoshida
20%
Iran DF Milad Mohammadi
20%
Canada GK Milan Borjan
20%
Australia FW Mitchell Duke
20%
Saudi Arabia GK Mohammed Al Owais
20%
Morocco DF Nayef Aguerd
20%
Serbia MF Nemanja Gudelj
20%
Switzerland DF Nico Elvedi
20%
Cameroon DF Nicolas N'Koulou
20%
Portugal MF Otavio
20%
Switzerland FW Ruben Vargas
20%
Poland MF Sebastian Szymanski
20%
Serbia DF Strahinja Pavlovic
20%
Ghana MF Thomas Partey
20%
Ghana DF Abdul-Rahman Baba
13%
Costa Rica FW Anthony Contreras
13%
Japan MF Ao Tanaka
13%
Costa Rica DF Bryan Oviedo
13%
Ghana DF Daniel Amartey
13%
Tunisia DF Dylan Bronn
13%
Iran MF Ehsan Hajsafi
13%
Serbia MF Filip Mladenovic
13%
Australia DF Harry Souttar
13%
Japan DF Hiroki Sakai
13%
Qatar DF Homam Ahmed
13%
South Korea MF In-Beom Hwang
13%
Tunisia FW Issam Jebali
13%
Poland MF Jakub Kaminski
13%
Poland DF Jakub Kiwior
13%
Cameroon DF Jean-Charles Castelletto
13%
Costa Rica MF Jewison Bennette
13%
Japan DF Ko Itakura
13%
Senegal FW Krepin Diatta
13%
Iran DF Majid Hosseini
13%
Serbia DF Milos Veljkovic
13%
Saudi Arabia MF Mohamed Kanno
13%
Ghana DF Mohammed Salisu
13%
Germany DF Nico Schlotterback
13%
Croatia FW Nikołaj Vlasic
13%
Costa Rica DF Oscar Duarte
13%
Senegal DF Pape Abou Cisse
13%
Canada MF Richie Laryea
13%
Australia MF Riley McGree
13%
Iran DF Sadegh Moharrami
13%
Saudi Arabia MF Saleh Al Shehri
13%
Japan GK Shuichi Gonda
13%
Switzerland DF Silvan Widmer
13%
Canada MF Stephen Eustaquio
13%
South Korea FW Ui-Jo Hwang
13%
Japan MF Wataru Endo
13%
Costa Rica MF Yeltsin Tejeda
13%
Morocco FW Youssef En Neysri
13%
Saudi Arabia MF Abdulelah Al Malki
7%
Qatar MF Abudulaziz Hatem
7%
Tunisia MF Aissa Laidouni
7%
Tunisia MF Ali Abdi
7%
Ghana DF Alidu Seidu
7%
Iran MF Ali Karimi
7%
Iran FW Alireza Jahanbakhsh
7%
Canada DF Alistair Johnston
7%
Serbia MF Andrija Zivkovic
7%
Tunisia FW Anis Slimane
7%
Tunisia GK Aymen Dahmen
7%
Australia DF Aziz Behich
7%
Morocco MF Azzedine Ounahi
7%
Qatar DF Bassam Al Rawi
7%
Qatar DF Boualem Khoukhi
7%
Cameroon FW Bryan Mbuemo
7%
Cameroon DF Collins Fai
7%
Switzerland MF Djibril Sow
7%
Tunisia MF Ellyes Skhiri
7%
Saudi Arabia FW Firas Al Buraikan
7%
Costa Rica DF Francisco Calvo
7%
Qatar MF Hasan Al Haydos
7%
Canada FW Junior Hoilett
7%
Qatar MF Karim Boudiaf
7%
Costa Rica MF Keysher Fuller Spence
7%
Australia DF Kye Rowles
7%
Cameroon MF Martin Hongla
7%
Tunisia MF Mohamed Drager
7%
Tunisia DF Montassar Talbi
7%
Iran FW Morteza Pouraliganji
7%
Australia DF Nathaniel Atkinson
7%
Cameroon DF Nouhou Tolo
7%
Qatar DF Pedro Miguel
7%
Iran DF Roozbeh Cheshmi
7%
Qatar GK Saad Al Sheeb
7%
Saudi Arabia FW Salman Al Faraj
7%
Cameroon MF Samuel Oum Gouet
7%
Saudi Arabia DF Saud Abdulhamid
7%
Morocco MF Selim Amallah
7%
Canada DF Steven Vitoria
7%
South Korea MF Woo-Young Jung
7%
Tunisia DF Yassine Meriah
7%
Tunisia FW Youssef Msakni
7%
Iran MF Ahmad Noorollahi
0%
Ghana DF Alexander Djiku
0%
Saudi Arabia DF Ali Al Boleahi
0%
Saudi Arabia DF Hassan Tambakti
0%
Ghana GK Lawrence Ati-Zigi
0%
Ghana MF Salis Abdul Samed
0%
Saudi Arabia DF Yasser Al Shahrani
0%
No matching quizzes found
Score Distribution
Percent of People with Each Score
Percentile by Number Answered
Your Score History
You have not taken this quiz